02035cam a22004694a 4500952015500000999001700155001000900172003000400181005001700185008004100202010001700243020001800260020001500278025002700293035002400320035002100344037006300365040002600428042002100454043001200475050002100487082002200508100003000530245013000560260004200690300002400732504005600756505025900812520010201071650002801173650003801201650003301239650003001272650002501302650004401327650002801371700002501399700002501424700002101449906004501470942005001515 00102ddc40708SOCIAL SCIENCEaMESbMEScSOCIAL SCIENCEd2019-02-20g395.00l0o305.800954 SAN/Cp34473r2019-02-20 00:00:00w2019-02-20yBKzGL41R4 c21350d2135016020704OSt20200616133315.0090929s2009 ii b 010 0 eng d a 2009305674 a9788125037071 a8125037071 aI-E-2009-305674; 69-92 a(OCoLC)ocn453820722 a(OCoLC)453820722 aLibrary of Congress -- New Delhi Overseas OfficecRs395.00 aDKAGEbengcoclcdDLC alccopycatalcode aa-ii---00aHN687b.C86 200904a305.800954bSAN/C 92987aSanyal, Manoj Kumar00aCulture, society, and development in India :bessays for Amiya Kumar Bagchi /cedited by Manoj Kumar Sanyal ; Arunabha Ghosh. aNew Delhi :bOrient BlackSwan,c2009. ax, 180 p. ;c23 cm. aIncludes bibliographical references (p. [168]-176).0 asection 1. Language, culture and the Indian middle class : the development dilemma -- section 2. Women in real life, utopias and fictions -- section 3. Music and art : past and present -- section 4. Popular Indian cinema : ideology, culture and business. aFestschrift on Amiya Kumar Bagchi, b. 1936, Indian economist and historian; contributed articles. 0aMultilingualismzIndia. 0aBengali languagexSocial aspects. 0aLanguage and culturezIndia. 0aWomen in motion pictures. 0aWomen in literature. 0aMotion picturesxSocial aspectszIndia. 0aPopular culturezIndia.1 aBagchi, Amiya Kumar.1 aSanyal, Manoj Kumar.1 aGhosh, Arunabha. a7bcbcccopycatd3encipf20gy-gencatlg 2ddccBKh305.800954iSAN/Ck305.800954mSAN/C